<?xml version="1.0" encoding="UTF-8"?><?xml-stylesheet type="text/xsl" href="static/style.xsl"?><OAI-PMH xmlns="http://www.openarchives.org/OAI/2.0/" xmlns:xsi="http://www.w3.org/2001/XMLSchema-instance" xsi:schemaLocation="http://www.openarchives.org/OAI/2.0/ http://www.openarchives.org/OAI/2.0/OAI-PMH.xsd"><responseDate>2026-05-17T15:40:31Z</responseDate><request verb="GetRecord" identifier="oai:recam.amb.cat:20.500.14439/4746" metadataPrefix="marc">https://recam.amb.cat/rest/oai/request</request><GetRecord><record><header><identifier>oai:recam.amb.cat:20.500.14439/4746</identifier><datestamp>2026-04-27T23:45:36Z</datestamp><setSpec>com_20.500.14439_113</setSpec><setSpec>col_20.500.14439_114</setSpec></header><metadata><record xmlns="http://www.loc.gov/MARC21/slim" xmlns:dcterms="http://purl.org/dc/terms/" xmlns:xsi="http://www.w3.org/2001/XMLSchema-instance" xmlns:doc="http://www.lyncode.com/xoai" xsi:schemaLocation="http://www.loc.gov/MARC21/slim http://www.loc.gov/standards/marcxml/schema/MARC21slim.xsd">
   <leader>00925njm 22002777a 4500</leader>
   <datafield ind2=" " ind1=" " tag="042">
      <subfield code="a">dc</subfield>
   </datafield>
   <datafield ind2=" " ind1=" " tag="720">
      <subfield code="a">Sancho Royo, David</subfield>
      <subfield code="e">author</subfield>
   </datafield>
   <datafield ind2=" " ind1=" " tag="260">
      <subfield code="c">2019-03-01</subfield>
   </datafield>
   <datafield ind2=" " ind1=" " tag="520">
      <subfield code="a">L’informe sintetitza les aportacions principals d’un seminari internacional celebrat el març de 2019 a la Universitat Pompeu Fabra sobre la implementació de la transparència a nivell local a la Unió Europea. S’hi va analitzar la qualitat de la democràcia local mitjançant un Índex de Transparència Municipal, així com l’evolució de la recerca acadèmica en transparència i diversos estudis sobre l’impacte de les polítiques de transparència en el suport polític i la participació ciutadana. Les conclusions assenyalen que no existeix un model comú de transparència a la UE i remarquen la importància de la cultura administrativa i del context multinivell. També es van presentar estudis sobre la transparència en sostenibilitat en governs locals europeus i es van debatre els reptes i avenços de la transparència a l’Administració Pública, amb exemples de municipis de l’Àrea Metropolitana de Barcelona.</subfield>
   </datafield>
   <datafield ind1="8" ind2=" " tag="024">
      <subfield code="a">https://hdl.handle.net/20.500.14439/4746</subfield>
   </datafield>
   <datafield tag="653" ind2=" " ind1=" ">
      <subfield code="a">Transparència</subfield>
   </datafield>
   <datafield tag="653" ind2=" " ind1=" ">
      <subfield code="a">Relacions internacionals</subfield>
   </datafield>
   <datafield ind2="0" ind1="0" tag="245">
      <subfield code="a">La implementació de la transparència a nivell local: un model comú a la Unió Europea?: resum del seminari i taula rodona</subfield>
   </datafield>
</record></metadata></record></GetRecord></OAI-PMH>